| 000 | 00388nam a22001337a 4500 | ||
|---|---|---|---|
| 008 | 230623b xxu||||| |||| 00| 0 eng d | ||
| 020 | _a9810490771 | ||
| 082 |
_a328.959 _bSIN |
||
| 100 |
_cParliament of Singapore _d2003 |
||
| 245 |
_aParliamentary Glossary _bA Guide to terms used in the Singapore Parliament |
||
| 260 |
_bParliament of Singapore _c2003 |
||
| 300 | _a46p | ||
| 942 |
_2ddc _cBK |
||
| 999 |
_c2436 _d2436 |
||